书目信息 |
| 题名: |
园林植物病虫害防治
|
|
| 作者: | 武三安 主编 | |
| 分册: | ||
| 出版信息: | 北京 中国林业出版社 2015 |
|
| 页数: | 12,400页 | |
| 开本: | 26cm | |
| 丛书名: | ||
| 单 册: | ||
| 中图分类: | S436.8 | |
| 科图分类: | ||
| 主题词: | 园林植物--病虫害防治--高等学校--教材 | |
| 电子资源: | ||
| ISBN: | 978-7-5038-8102-2 | |
| 000 | 01005nam0 2200253 450 | |
| 001 | 012001005269 | |
| 005 | 20191213102307.73 | |
| 010 | @a978-7-5038-8102-2@dCNY50.00 | |
| 100 | @a20150920d2015 em y0chiy50 ea | |
| 101 | 0 | @achi |
| 102 | @aCN@b110000 | |
| 105 | @aa z 000yy | |
| 106 | @ar | |
| 200 | 1 | @a园林植物病虫害防治@9yuan lin zhi wu bing chong hai fang zhi@f武三安主编 |
| 205 | @a3版 | |
| 210 | @a北京@c中国林业出版社@d2015 | |
| 215 | @a12,400页@c图@d26cm@e1光盘 | |
| 307 | @a附光盘:ISBN 978-7-900291-45-5 | |
| 330 | @a本书包括园林植物病害和虫害两部分,病害部分介绍了园林植物病害的基本概念、侵染性病原和非侵染性病原、病害的诊断和防治技术,以及叶部病害、枝干病害和根部病害;虫害部分介绍了昆虫的外部形态、生物学、分类学、生态学和害虫的防治原理与方法,以及食叶害虫、钻蛀性害虫、刺吸式害虫和根部害虫。 | |
| 606 | 0 | @a园林植物@x病虫害防治@x高等学校@j教材 |
| 690 | @aS436.8@v5 | |
| 701 | 0 | @a武三安@9wu san an@4主编 |
| 801 | 0 | @aCN@b江苏凤凰@c20191020 |
| 905 | @b1207683-6@dS436.8@e167=3@f4 | |
| 园林植物病虫害防治/武三安主编.-3版.-北京:中国林业出版社,2015 |
| 12,400页:图;26cm+1光盘 |
| ISBN 978-7-5038-8102-2:CNY50.00 |
| 本书包括园林植物病害和虫害两部分,病害部分介绍了园林植物病害的基本概念、侵染性病原和非侵染性病原、病害的诊断和防治技术,以及叶部病害、枝干病害和根部病害;虫害部分介绍了昆虫的外部形态、生物学、分类学、生态学和害虫的防治原理与方法,以及食叶害虫、钻蛀性害虫、刺吸式害虫和根部害虫。 |
| ● |
| 相关链接 |
|
|
|
|
正题名:园林植物病虫害防治
索取号:S436.8/167=3
 
预约/预借
| 序号 | 登录号 | 条形码 | 馆藏地/架位号 | 状态 | 备注 |
| 1 | 1207683 | 212076830 | 第二样本阅览室/ [索取号:S436.8/167=3] | 在馆 | |
| 2 | 1207684 | 212076849 | 第三借阅区/ [索取号:S436.8/167=3] | 在馆 | |
| 3 | 1207685 | 212076858 | 第三借阅区/ [索取号:S436.8/167=3] | 在馆 | |
| 4 | 1207686 | 212076867 | 第三借阅区/ [索取号:S436.8/167=3] | 在馆 |